Statistics for name every empire from Afghanistan

Click here to take the quiz!

General Stats

  • This quiz has been taken 7 times
  • The average score is 1 of 5

Answer Stats

Answer% Correct
durrani
50%
mughal
50%
hotak empire
17%
kushan
0%
hotak dynasty
0%

Score Distribution

Percentile by Number Answered

Percent of People with Each Score

Your Score History

You have not taken this quiz